| 000 | 00515nam a2200169Ia 4500 | ||
|---|---|---|---|
| 005 | 20250424120219.0 | ||
| 008 | 250424s9999 xx 000 0 und d | ||
| 022 | _a11164077 | ||
| 050 | _aRM 695 .A37/ | ||
| 245 | 0 | _aAfrica journal of medicine and medical sciences | |
| 260 | _aIbadan | ||
| 260 | _bCollege of Medicine, University of Ibadan and the University College Ibadan. | ||
| 260 | _c2007 | ||
| 300 | _a188 p. ; 29 cm. | ||
| 650 | _aMedicine--Periodicals. Medical sciences--Periodicals. | ||
| 942 | _cSR | ||
| 999 |
_c38037 _d38037 |
||